| 000 | 00772cab a2200241 4500 | ||
|---|---|---|---|
| 001 | ABS57068 | ||
| 008 | 090401t1997 xxu||||| |||| 00| 0 eng d | ||
| 035 | _a(Sirsi) u79205 | ||
| 041 | _aeng | ||
| 100 | _aBingham, T. | ||
| 245 | _aGoing through on the nod | ||
| 260 | _c1997 | ||
| 350 | _a0 | ||
| 490 |
_aBuilding _v262(7995) 20 June 1997, 27(1) |
||
| 520 | _aDiscusses the case "Rackline Ltd v The National Library of Wales" where a company went out to tender for a subcontract before the main contract resulting in the two contracts not fitting together. | ||
| 650 | _aLIBRARIES | ||
| 650 | _aSHELVING | ||
| 650 | _aSUBCONTRACTS | ||
| 650 | _aTRAFALGAR HOUSE | ||
| 690 | _aBUILT ENVIRONMENT-BUILDING CONTRACT FORMS | ||
| 942 | _n0 | ||
| 948 | _c25/06/1997 | ||
| 999 |
_c49793 _d49793 |
||